00904cam a2200205Ia 4500040001200000082002600012245006400038260010100102300002400203500024200227650002300469650001500492650002200507650002400529700002500553700001800578700003300596710001700629856005200646 cCaPaEBR a382 WOR 2009 A069 Or.00aTrade preference erosionbmeasurement and policy response / aBasingstoke [England] ;aNew York :bPalgrave Macmillan ;aWashington, DC :bWorld Bank,cc2009. axvi, 466 p. :bill. a"Most ... chapters were originally presented at the international symposium, "Preference erosion: impacts and policy responses," in Geneva, June 13-14, 2005... organized by the World Bank in cooperation with the OECD and the WTO"--P. xi. 0aTariff preferences 0aFree trade 0aCommercial policy 0aInternational trade1 aHoekman, Bernard M.,1 aMartin, Will,1 aBraga, Carlos Alberto Primo,2 aebrary, Inc.40uhttp://site.ebrary.com/lib/yale/Doc?id=10292339